000 01257nam0a22002531 4500
001 rc\1149470
005 20250622200551.0
035 _a(NLR Aleph) 006395065
090 _a5186649
_c5186649
100 _a20041129d1980 |||y0rusy50 ca
101 0 _arus
102 _aRU
105 _ay |||||||||
200 1 _aМетодические указания для преподавателей камерного ансамбля и примерный репертуарный список
_e(Произведения азерб. композиторов)
_fМ-во высш. и сред. спец. образования АзССР, Учеб.-метод. каб. по сред. спец. образованию
_g[Разраб. засл. деят. науки АзССР доц. Бакихановым Т.А. и др.]
210 _aБаку
_cБ. и.
_d1980
215 _a30 с.
_d20
320 _aБиблиогр.: с. 30
702 1 _aБакиханов
_bТ.А.
_4570
712 0 2 _aАзербайджанский респ. учеб.-метод. кабинет по среднему специальному образованию
_cБаку
801 0 _aRU
_bNLR
_gpsbo
801 1 _aRU
_bELAR
_2rusmarc
852 _aNLR
_j81-4/11517
942 _cBOOK
980 _aNB